000 007220000a22002410004500
003 LK-CoMWRAF
005 20231102110543.0
008 230817t1988 ||||| |||| 00| 0 eng d
020 _a0862328063
040 _aLK-CoMWRAF
_dLK-CoMWRAF
_eLK-CoMWRAF
041 _aeng
082 _a305.4
_bZEN
100 _aZenie-Ziegler, Wedad
242 _aFace voilée des femmes d'Egypte
245 _aIn Search of Shadows:
_bConversations with Egyptian Women
260 _aLondon:
_bZed Books,
_c1988
300 _a140 p. ; 23 cm.
_bIndex included
650 _aWOMEN-Egypt-Social conditions
650 _aWomen's rights--Egypt.
650 _aEgypt--Social life and customs.
700 _aCumming, Bob
_etrans.
942 _cBK
999 _c3190
_d3190